| 000 | 00596nam a2200205Ia 4500 | ||
|---|---|---|---|
| 003 | GCL | ||
| 008 | 140319s9999 xx 000 0 ara d | ||
| 040 |
_aGCL / _cGCL |
||
| 082 | 0 | 4 |
_a605 _bح ر |
| 100 | 1 | _aحسن حسنى | |
| 245 | 1 | 0 |
_aرحلة مع السيجارة / _cحسن حسنى |
| 260 |
_aالقاهرة : _bالاهرام للترجمة والنشر ، _c1992 |
||
| 300 |
_a110 ص ؛ _c20 سم |
||
| 490 |
_aاعرف صحتك _v7 |
||
| 650 | 0 | 4 | _aالتدخين |
| 650 | 0 | 4 | _aالسجائر |
| 650 | 0 | 4 | _aالتبغ |
| 650 | 0 | 4 | _aالجوانب الصحية |
| 942 |
_2ddc _cBK |
||
| 999 |
_c54739 _d54739 |
||